000 01740cam a2200337 a 4500
999 _c7840
_d7840
001 15511306
003 GBCCL
005 20241126110638.0
008 081105s1987 enk b 000 0 eng
010 _a 2008046947
020 _a0851116078
035 _a(OCoLC)ocn233940144
035 _a(OCoLC)233940144
040 _aDLC
_cDLC
_dBTCTA
_dBAKER
_dC#P
_dDLC
050 0 0 _aBS2705.53
_b.M37 1987
082 0 0 _a225.7
_222
_bTYN
100 1 _aMartin, Ralph P.
_92746
240 1 0 _aEpistle of Paul to the Philippians
245 1 0 _aPhilippians :
_ban introduction and commentary /
_cRalph P. Martin.
260 _aDowners Grove, Ill. :
_bInter-Varsity Press :
_bIVP Academic,
_c1950
300 _a186 p. ;
_c21 cm.
490 1 _aTyndale New Testament commentaries ;
_vv. 11
500 _aOriginally published: The Epistle of Paul to the Philippians. Rev. ed., 2nd ed. Leicester, England : Inter-Varsity Press ; Grand Rapids, Mich. : W.B. Eerdmans Pub. Co., 1987.
504 _aIncludes bibliographical references.
505 _av.1 Matthew.-- v.2 Mark.-- v.3 Luke.-- v.4 John.-- v.5 Acts.-- v.6 Romans.-- v.7 I Corinthians.-- v.8 II Corinthians.-- v.9 Galatians.-- v.10 Ephesians.-- v.11 Philippians.-- v.12 Colossians and Philemon.-- v.13 I,II Thessalonians.-- v.14 Pastoral Epistles.-- v.15 Hebrews.-- v.16 James.-- v.17 I Peter.-- v.18 II Peter, Jude.-- v.19 I, II,III John.-- v.20 Revelation.
630 0 0 _aBible.
_pPhilippians
_vCommentaries.
_912147
830 0 _aTyndale New Testament commentaries ;
_v11.
_913696
906 _a7
_bcbc
_corignew
_d1
_eecip
_f20
_gy-gencatlg
942 _2ddc
_cBK